<?xml version="1.0" encoding="UTF-8"?>
<record
    xmlns:xsi="http://www.w3.org/2001/XMLSchema-instance"
    xsi:schemaLocation="http://www.loc.gov/MARC21/slim http://www.loc.gov/standards/marcxml/schema/MARC21slim.xsd"
    xmlns="http://www.loc.gov/MARC21/slim">

  <leader>00901njm a2200217 i 4500</leader>
  <controlfield tag="001">C2-0336052</controlfield>
  <controlfield tag="003">PPAK</controlfield>
  <controlfield tag="005">20180729135314.0</controlfield>
  <controlfield tag="008">160426s2014    ohua|||| |||||  |   eng d</controlfield>
  <datafield tag="020" ind1=" " ind2=" ">
    <subfield code="a">9781478900917</subfield>
  </datafield>
  <datafield tag="040" ind1=" " ind2=" ">
    <subfield code="a">PPAK</subfield>
    <subfield code="b">eng</subfield>
    <subfield code="c">PPAK</subfield>
    <subfield code="e">rda</subfield>
  </datafield>
  <datafield tag="245" ind1="1" ind2="0">
    <subfield code="a">For the benefit of those who see: </subfield>
    <subfield code="b">dispatches from the world of the blind</subfield>
  </datafield>
  <datafield tag="264" ind1=" " ind2="1">
    <subfield code="a">Solon, Ohio : </subfield>
    <subfield code="b">Findaway World, LLC , </subfield>
    <subfield code="c">2014</subfield>
  </datafield>
  <datafield tag="336" ind1=" " ind2=" ">
    <subfield code="2">rdacontent</subfield>
    <subfield code="a">text</subfield>
  </datafield>
  <datafield tag="337" ind1=" " ind2=" ">
    <subfield code="2">rdamedia</subfield>
    <subfield code="a">unmediated</subfield>
  </datafield>
  <datafield tag="338" ind1=" " ind2=" ">
    <subfield code="2">rdacarrier</subfield>
    <subfield code="a">volume</subfield>
  </datafield>
  <datafield tag="500" ind1=" " ind2=" ">
    <subfield code="a">Issued on Playaway, a dedicated audio media player. ; One set of earphones and one AAA battery required for listening. ; Summary : In the tradition of Oliver Sacks, Rosemary Mahoney blends science, history, and firsthand reporting to invest</subfield>
  </datafield>
  <datafield tag="650" ind1="1" ind2="0">
    <subfield code="a">Teachers of the blind. ; Blind, Workers for the. ; Blind  - Education  - India.</subfield>
  </datafield>
  <datafield tag="700" ind1=" " ind2=" ">
    <subfield code="e">author</subfield>
  </datafield>
  <datafield tag="942" ind1=" " ind2=" ">
    <subfield code="d">dc</subfield>
    <subfield code="c">B</subfield>
  </datafield>
  <datafield tag="999" ind1=" " ind2=" ">
    <subfield code="c">164021</subfield>
    <subfield code="d">164021</subfield>
  </datafield>
  <datafield tag="952" ind1=" " ind2=" ">
    <subfield code="0">0</subfield>
    <subfield code="1">0</subfield>
    <subfield code="2">ddc</subfield>
    <subfield code="4">0</subfield>
    <subfield code="7">1</subfield>
    <subfield code="b">PPAK</subfield>
    <subfield code="c">RLCK</subfield>
    <subfield code="d">2016-04-20</subfield>
    <subfield code="e">LRC</subfield>
    <subfield code="o">RLCK 371.91109515 MAH</subfield>
    <subfield code="p">A00864079</subfield>
    <subfield code="r">2018-07-05 00:00:00</subfield>
    <subfield code="y">AMP</subfield>
  </datafield>
</record>
